000 00247nam a22000977a 4500
008 231128b |||||||| |||| 00| 0 eng d
082 _aDG EUR /
_bSTOV
100 _aStok, Barbara
_eAutor
_943020
245 _aVincent /
_cBarbara Stok
942 _2ddc
999 _c30450
_d16834